Fußball-Regionalliga Bayern Top 5 - Statistiken

Allgemein
  • Dieses Quiz wurde 564 mal gespielt
    204 seit der letzten Aktualisierung
  • Das Durchschnittsergebnis liegt bei 14 aus 22
Antwortstatistiken
Vereine % Korrekt
FC Bayern München II
97%
Würzburger Kickers
92%
1. FC Nürnberg II
91%
TSV 1860 München II
91%
1. FC Schweinfurt 05
88%
SpVgg Greuther Fürth II
87%
FC Augsburg II
86%
SpVgg Bayreuth
86%
SpVgg Unterhaching
84%
SSV Jahn Regensburg
80%
FC Ingolstadt 04 II
72%
Viktoria Aschaffenburg
66%
FV Illertissen
63%
Wacker Burghausen
54%
TSV 1860 München
48%
FC Memmingen
42%
DJK Vilzing
36%
TSV Buchbach
35%
VfB Eichstätt
27%
TSV Aubstadt
25%
SV Heimstetten
15%
VfR Garching
12%
Keine übereinstimmenden Quizze gefunden
Verteilung der Resultate
Anzahl Personen mit jedem Resultat
Perzentil nach korrekt beantworteten Fragen
Ihre Resultats-Entwicklung
Sie haben dieses Quiz seit der letzten Aktualisierung nicht gespielt